| 000 | 00805nam a2200253 i 4500 | ||
|---|---|---|---|
| 001 | 146584 | ||
| 003 | ES-MaACL | ||
| 005 | 20250822035249.0 | ||
| 007 | t| | ||
| 008 | 070912s1969 sp ||||1| spa d | ||
| 080 | _a301.08 | ||
| 080 | _a301.151 | ||
| 100 | 1 |
_aTouraine, Alain, _d1925-2023 _9111138 |
|
| 245 | 1 | 0 |
_aSociología de la acción / _cAlain Tourain ; [traducción por Manuel Castells, Emilio Ipola, Jorge Sobreques, Dolores Alvarez...]. |
| 260 |
_aBarcelona, etc. : _bAriel, _c[1969] |
||
| 300 |
_a487 p. ; _c23 cm. |
||
| 490 | 1 | _aDemos | |
| 650 | 1 | 4 |
_aSociología- _xMetodología. _917201 |
| 650 | 1 | 7 |
_aPsicología social _2embne _916573 |
| 700 | 1 |
_aCastells, Manuel. _936590 |
|
| 830 | 0 |
_aDemos _9182983 |
|
| 852 |
_aES-MaACL _jC-37095 _bR.70398 |
||
| 999 |
_c146584 _d146584 |
||